Contribution a la critique de l'économie politique

Guardado en:
Detalles Bibliográficos
Formato: Libro
Lenguaje:francés
Publicado: París Éditions Sociales 1957
Materias:
Etiquetas: Agregar Etiqueta
Sin Etiquetas, Sea el primero en etiquetar este registro!

MARC

LEADER 00000nam a2200000 a 4500
001 UCZ4682
003 CL-VaPUC
005 20211116074324.0
008 951110e19570000FR |||||||||||||||||fre|d
999 |c 241049  |d 241047 
040 |c Pontificia Universidad Católica de Valparaíso 
082 0 4 |a 335.4  |b MAR  |2 21 
245 1 0 |a Contribution a la critique de l'économie politique 
260 |a París  |b Éditions Sociales  |c 1957 
300 |a 309 p 
583 |a last modification  |c 19951110 00:00:00  |k Rodrigo Vera 
650 0 |a Comunismo  |9 255588 
650 0 |a Ideologías  |9 255200 
650 0 |a Doctrinas políticas  |9 255835 
650 7 |a FILOSOFIA POLITICA  |2 CL-VaPUC  |9 348697 
650 0 |a Economía   |9 255568 
650 0 |a Capitalismo  |9 255255 
942 |c BK  |2 ddc 
945 |d 19951110 00:00:00  |a lriquelm 
952 |0 0  |1 0  |4 0  |6 335_400000000000000_MAR_1957  |7 0  |8 P  |9 253197  |a BIBEDU  |b BIBEDU  |c BIBEDU_PB  |d 2019-11-19  |i 1597256  |o 335.4 MAR 1957  |p 1597256  |r 2024-01-25  |w 2019-11-19  |y BK  |k FIL